Estatísticas para Títulos do Palmeiras

Clique aqui para jogar o quiz

Estatísticas Gerais

  • Esse quiz foi jogado 666 vezes
    (236 desde o último reset)
  • A pontuação média é 9 de 17

Estatísticas das Respostas

HintResposta% Correto
1960*, 1967¹, 1967², 1969, 1972, 1973, 1993, 1994, 2016, 2018, 2022, 2023Campeonato Brasileiro
99%
1951Copa Rio Internacional
99%
1999, 2020, 2021Copa Libertadores da América
98%
1920, 1926*, 1927, 1932*, 1933, 1934, 1936, 1940, 1942, 1944, 1947, 1950, 1959, 1963, 1966, 1972*, 1974, 1976, 1993, 1994, 1996, 2008, 2020, 2022, 2023Cameponato Paulista
96%
1998, 2012*, 2015, 2020Copa do Brasil
94%
2023Super Copa do Brasil
90%
2003, 2013Cameponato Brasileiro - Série B
72%
2022Recopa Sul-americana
70%
1998Copa Mercosul
58%
1933, 1951, 1965, 1993, 2000Torneio Rio-São Paulo
58%
2000Copa dos Campeões
36%
1927, 1930, 1935, 1937, 1939, 1942, 1946, 1969Torneio Início
14%
1926*, 1938Campeonato Paulista Extra
12%
1969, 1974, 1975Troféu Ramón de Carranza
8%
1945, 1946, 1950, 1951Taça Cidade de São Paulo
7%
1926, 1934*, 1942*, 1947Copa dos Campeões Estaduais Rio-São Paulo
6%
1920, 1926, 1927, 1932Taça Competência
6%

Distribuição das Pontuações

Percentil de Números Respondidos

Porcentagem de Pessoas com Cada Pontuação

Sua Pontuação Histórica

Você não jogou esse quiz desde o último reset